00595nam a22001697a 450000500170000000800410001702000150005805000220007310000280009524501060012325000110022926000340024030000270027450400210030165000450032265000580036720200121094314.0200121b ag ||||| |||| 00| 0 spa d a950527365704aKHA3032bS53 20001 aSlaibe, María Eugenia10aHabeas data. Doctrina, legislación, jurisprudencia. Aspectos prácticosc / María Eugenia Slaibe a1a ed. aBuenos Aires :bLa Ley,c2000 axxiv, 198 p. ;c25 cm. aIncluye índice 72lembaDerecho a la privacidadzArgentina 72lembaProtección de datosxLegislaciónzArgentina